000 00597cam a22002053a 4500
001 41172
003 PGUSA
005 20140828083928.0
008 121025s2012||||xxu|||||s|||||000 | eng d
040 _aPGUSA
_beng
042 _adc
100 1 _aAimard, Gustave,
_d1818-1883
245 1 4 _aThe White Scalper :
_bA Story of the Texan War
_h[electronic resource] /
_cGustave Aimard
260 _bProject Gutenberg,
_c2012
506 _aPublic domain in the USA.
516 _aElectronic text
830 0 _aProject Gutenberg
_v41172
856 4 0 _uhttp://www.gutenberg.org/ebooks/41172
942 _cEB
999 _c270424
_d270424